[Event "Obert Figueres Miquel Mas 2010"]
[Site "Figueres ESP"]
[Date "2010.08.18"]
[Round "9.13"]
[White "Vilar Lopez, Monica"]
[Black "Garcia, Richard"]
[Result "1/2-1/2"]
[WhiteElo "2166"]
[BlackElo "1761"]
[PlyCount "62"]
[EventDate "2011.08.11"]
[EventType "swiss"]
[EventRounds "9"]
[EventCountry "ESP"]
[Source "lmi"]
[SourceDate "2010.08.11"]

1. e4 e6 2. d4 d5 3. e5 c5 4. c3 Qb6 5. Nf3 Nc6 6. Be2 cxd4 7. cxd4 Nh6 8. Nc3
Nf5 9. Na4 Qa5+ 10. Bd2 Bb4 11. Bc3 Bxc3+ 12. Nxc3 Bd7 13. Qd2 a6 14. O-O O-O
15. Rab1 b5 16. b3 Rac8 17. Rbc1 Rc7 18. g4 Nfe7 19. Bd3 f5 20. exf6 gxf6 21.
Qh6 Rf7 22. Ne2 Rc8 23. Nf4 Kh8 24. Kh1 Qd8 25. Nh4 e5 26. dxe5 Nxe5 27. Nfg6+
N7xg6 28. Nxg6+ Nxg6 29. Bxg6 Rg7 30. Bf5 Bxf5 31. gxf5 d4 1/2-1/2

[Event "Obert Figueres Miquel Mas 2010"]
[Site "Figueres ESP"]
[Date "2010.08.18"]
[Round "9.14"]
[White "Vidal Zamora, Alex"]
[Black "Buch Prades, Joan"]
[Result "1/2-1/2"]
[WhiteElo "2150"]
[BlackElo "1877"]
[PlyCount "92"]
[EventDate "2011.08.11"]
[EventType "swiss"]
[EventRounds "9"]
[EventCountry "ESP"]
[Source "lmi"]
[SourceDate "2010.08.11"]

1. e4 c5 2. Nf3 Nc6 3. d4 cxd4 4. Nxd4 g6 5. c4 Nf6 6. Nc3 d6 7. Nc2 Bg7 8. Be2
Nd7 9. O-O Nc5 10. Be3 O-O 11. f3 a5 12. Qd2 Be6 13. Rad1 a4 14. Kh1 Qa5 15.
Rb1 Rac8 16. Nb5 Qxd2 17. Bxd2 Ne5 18. b3 axb3 19. axb3 Ra8 20. Ncd4 Ra2 21.
Bc3 Bd7 22. Bd1 Ncd3 23. Nc7 Nf4 24. Rb2 Rxb2 25. Bxb2 Nc6 26. Nxc6 bxc6 27.
Bxg7 Kxg7 28. g3 Nd3 29. Be2 Nb4 30. Ra1 c5 31. Ra7 Nc6 32. Rb7 Nd4 33. Bd1 Bc6
34. Ra7 Rb8 35. Kg2 Kf6 36. Ra2 g5 37. Nd5+ Bxd5 38. exd5 Rb4 39. Ra3 e6 40.
dxe6 fxe6 41. Kf2 Ke5 42. Ke3 Rb7 43. h3 Nf5+ 44. Kf2 Kd4 45. Ra6 Ke5 46. Ra3
Kd4 1/2-1/2

[Event "Obert Figueres Miquel Mas 2010"]
[Site "Figueres ESP"]
[Date "2010.08.18"]
[Round "9.15"]
[White "Colls Gelaberto, Emili"]
[Black "Diaz Comas, Jordi"]
[Result "1/2-1/2"]
[WhiteElo "2247"]
[BlackElo "1918"]
[PlyCount "60"]
[EventDate "2011.08.11"]
[EventType "swiss"]
[EventRounds "9"]
[EventCountry "ESP"]
[Source "lmi"]
[SourceDate "2010.08.11"]

1. Nf3 d6 2. d4 Bg4 3. Nbd2 Nf6 4. e4 e6 5. Bd3 d5 6. O-O Be7 7. c3 c6 8. Re1
O-O 9. e5 Nfd7 10. Nf1 c5 11. h3 Bh5 12. Ng3 Bg6 13. b3 Bxd3 14. Qxd3 cxd4 15.
cxd4 Nc6 16. Bd2 Nb4 17. Bxb4 Bxb4 18. Rec1 Ba3 19. Rc2 Rc8 20. Re1 Rxc2 21.
Qxc2 Qc8 22. Re2 Qc6 23. Qxc6 bxc6 24. Rc2 c5 25. dxc5 Bxc5 26. Kf1 f6 27. exf6
gxf6 28. Ne1 Rd8 29. Nd3 Bd6 30. Nh5 Kf7 1/2-1/2

[Event "Obert Figueres Miquel Mas 2010"]
[Site "Figueres ESP"]
[Date "2010.08.18"]
[Round "9.16"]
[White "Alberto, Manuel"]
[Black "Ruiz Font, Elisabet"]
[Result "1/2-1/2"]
[WhiteElo "2140"]
[BlackElo "1899"]
[PlyCount "142"]
[EventDate "2011.08.11"]
[EventType "swiss"]
[EventRounds "9"]
[EventCountry "ESP"]
[Source "lmi"]
[SourceDate "2010.08.11"]

1. b3 e5 2. c4 Nc6 3. Bb2 Nf6 4. Nc3 Be7 5. Nf3 d6 6. d4 Bf5 7. h3 Nb4 8. Rc1
Ne4 9. Nxe4 Bxe4 10. Qd2 Bxf3 11. Qxb4 Bc6 12. d5 a5 13. Qc3 Bd7 14. e4 Bg5 15.
Rd1 b6 16. g3 f5 17. h4 Bf6 18. exf5 Bxf5 19. Qe3 O-O 20. Bg2 Qd7 21. O-O Bh3
22. Rfe1 Qg4 23. Bxh3 Qxh3 24. Qe4 Be7 25. Re2 Qf5 26. Qxf5 Rxf5 27. f4 Bf6 28.
fxe5 Bxe5 29. Bxe5 dxe5 30. d6 Rd8 31. Red2 cxd6 32. Rxd6 Rxd6 33. Rxd6 Rf6 34.
Rd5 Rf3 35. Kg2 Rc3 36. Rxe5 Rc2+ 37. Kf3 Rxa2 38. Rb5 Rb2 39. Kf4 Kf7 40. h5
Ke7 41. g4 Rf2+ 42. Ke3 Rf6 43. Ke4 Re6+ 44. Kd4 Rd6+ 45. Kc3 Rc6 46. Rd5 Rd6
47. Rg5 Kf6 48. Rf5+ Ke7 49. Kb2 g6 50. Rb5 gxh5 51. Rxh5 h6 52. Ka3 Kd7 53. c5
Rg6 54. cxb6 Kc6 55. Ka4 Kxb6 56. Rb5+ Kc7 57. Kxa5 Rxg4 58. Ka6 Rg6+ 59. Ka7
Rg3 60. Rb7+ Kc6 61. Ka6 h5 62. Rb6+ Kc5 63. Ka5 h4 64. b4+ Kc4 65. Rc6+ Kd5
66. Rh6 Ra3+ 67. Kb6 h3 68. b5 Rb3 69. Ka6 Kc5 70. b6 h2 71. Rxh2 Rxb6+ 1/2-1/2

[Event "Obert Figueres Miquel Mas 2010"]
[Site "Figueres ESP"]
[Date "2010.08.18"]
[Round "9.17"]
[White "Pinsach Gelabert, Alexandre"]
[Black "Triadu Cassa, Jordi"]
[Result "0-1"]
[WhiteElo "1735"]
[BlackElo "2025"]
[PlyCount "52"]
[EventDate "2011.08.11"]
[EventType "swiss"]
[EventRounds "9"]
[EventCountry "ESP"]
[Source "lmi"]
[SourceDate "2010.08.11"]

1. d4 d5 2. c4 c6 3. Nf3 Nf6 4. e3 g6 5. Nc3 Bg7 6. b3 O-O 7. Qc2 Bg4 8. Be2
Nbd7 9. h3 Bxf3 10. Bxf3 e5 11. O-O Rc8 12. Bb2 b5 13. Be2 exd4 14. exd4 bxc4
15. bxc4 dxc4 16. Bxc4 Nb6 17. Na4 Nfd5 18. Rad1 Re8 19. Nc5 Qg5 20. Bc1 Nf4
21. Bxf4 Qxf4 22. Nb3 Rcd8 23. Rd3 Re7 24. Rfd1 Rde8 25. g3 Re1+ 26. Rxe1 Rxe1+
0-1

[Event "Obert Figueres Miquel Mas 2010"]
[Site "Figueres ESP"]
[Date "2010.08.18"]
[Round "9.18"]
[White "Vinas Serra, Jaume"]
[Black "Vinardell Cruanas, Sergi"]
[Result "1/2-1/2"]
[WhiteElo "1878"]
[BlackElo "1955"]
[PlyCount "87"]
[EventDate "2011.08.11"]
[EventType "swiss"]
[EventRounds "9"]
[EventCountry "ESP"]
[Source "lmi"]
[SourceDate "2010.08.11"]

1. d4 d5 2. Bg5 c6 3. c3 Bf5 4. e3 Nd7 5. Bd3 Bg6 6. Qc2 Ngf6 7. Nd2 e6 8. f4
Be7 9. Bxf6 Nxf6 10. Ngf3 O-O 11. Ne5 c5 12. Bxg6 hxg6 13. O-O Rc8 14. Rfe1 b5
15. g4 Bd6 16. Ndf3 Ne4 17. Qe2 c4 18. g5 b4 19. Nd2 Nxd2 20. Qxd2 a5 21. Rab1
Bxe5 22. dxe5 Qe7 23. Qd4 Rb8 24. Rec1 Rfc8 25. Qd2 Qc5 26. Qd4 Qb5 27. Qd1 Qb6
28. Qd4 bxc3 29. Qxc3 Rc5 30. Rc2 Rb5 31. Kf2 a4 32. Ke2 Qc5 33. Rd1 a3 34.
Qxa3 Qxa3 35. bxa3 Ra5 36. Rc3 Rba8 37. e4 Rxa3 38. Rxa3 Rxa3 39. exd5 Rxa2+
40. Ke3 exd5 41. Rxd5 Kf8 42. Rc5 Rc2 43. Kd4 Rxh2 44. Rxc4 1/2-1/2

[Event "Obert Figueres Miquel Mas 2010"]
[Site "Figueres ESP"]
[Date "2010.08.18"]
[Round "9.19"]
[White "Gonzalez Manchon, Juan Miguel"]
[Black "Cros Figueras, Eugeni"]
[Result "1-0"]
[WhiteElo "2110"]
[BlackElo "1890"]
[PlyCount "65"]
[EventDate "2011.08.11"]
[EventType "swiss"]
[EventRounds "9"]
[EventCountry "ESP"]
[Source "lmi"]
[SourceDate "2010.08.11"]

1. d4 d5 2. c4 c6 3. cxd5 cxd5 4. Nc3 Nf6 5. Bf4 Nc6 6. Nf3 Bf5 7. e3 e6 8. Rc1
Qb6 9. Bd3 Bxd3 10. Qxd3 Be7 11. O-O O-O 12. Bg5 Rac8 13. Ne5 Qd8 14. f4 Nd7
15. Bxe7 Qxe7 16. Na4 Ncxe5 17. fxe5 Qb4 18. Qb3 Qxb3 19. axb3 f6 20. exf6 gxf6
21. Kf2 Kf7 22. Ke2 Ke7 23. Kd3 Rg8 24. g3 f5 25. Nc3 h5 26. Rf2 Rc6 27. b4 a6
28. Ra1 Nb8 29. b5 Rcc8 30. Ra5 b6 31. Ra1 a5 32. Rc2 Rc7 33. Nxd5+ 1-0

[Event "Obert Figueres Miquel Mas 2010"]
[Site "Figueres ESP"]
[Date "2010.08.18"]
[Round "9.20"]
[White "Diaz Munoz, Sergi"]
[Black "Puig Carres, Josep"]
[Result "1-0"]
[WhiteElo "2005"]
[BlackElo "1839"]
[PlyCount "67"]
[EventDate "2011.08.11"]
[EventType "swiss"]
[EventRounds "9"]
[EventCountry "ESP"]
[Source "lmi"]
[SourceDate "2010.08.11"]

1. e4 e6 2. d4 d5 3. Nd2 Ne7 4. Bd3 Ng6 5. e5 Nf4 6. Bf1 Ng6 7. Nb3 b6 8. f4 c5
9. Be3 c4 10. Nd2 b5 11. Ngf3 Qa5 12. c3 b4 13. Qc1 bxc3 14. bxc3 Ba3 15. Qc2
Bd7 16. Nb1 Be7 17. Be2 Ba4 18. Qc1 Na6 19. O-O Rb8 20. g4 Bd7 21. Bd1 O-O 22.
Bc2 Rb6 23. f5 exf5 24. gxf5 Nh4 25. Nxh4 Bxh4 26. f6 gxf6 27. Bh6 Re8 28. Qf4
f5 29. Qxh4 Rg6+ 30. Kh1 Rc6 31. Bg5 h6 32. Bf6 Rxf6 33. exf6 Qb6 34. Rg1+ 1-0

[Event "Obert Figueres Miquel Mas 2010"]
[Site "Figueres ESP"]
[Date "2010.08.18"]
[Round "9.21"]
[White "Lazaro Porta, Angel"]
[Black "Perez Lopez, Alfonso"]
[Result "1-0"]
[WhiteElo "1974"]
[BlackElo "1905"]
[PlyCount "121"]
[EventDate "2011.08.11"]
[EventType "swiss"]
[EventRounds "9"]
[EventCountry "ESP"]
[Source "lmi"]
[SourceDate "2010.08.11"]

1. c4 Nf6 2. Nc3 e6 3. e4 d6 4. d4 g6 5. Nf3 Bg7 6. Bg5 h6 7. Bd2 c5 8. Qc2 O-O
9. Rd1 cxd4 10. Nxd4 Nc6 11. Nxc6 bxc6 12. e5 Ng4 13. exd6 Qxd6 14. Bxh6 Qe5+
15. Be3 Nxe3 16. fxe3 Qxe3+ 17. Ne2 c5 18. Rd3 Qe5 19. b3 Bb7 20. Qd2 Qe4 21.
Qe3 Bh6 22. Qxe4 Bxe4 23. Rh3 Bg7 24. Nc3 Bc6 25. Re3 Rad8 26. h4 Rd7 27. Rhh3
Rfd8 28. g4 Bxc3+ 29. Rxc3 Rd1+ 30. Kf2 R8d2+ 31. Be2 Rxa2 32. h5 Rh1 33. hxg6
fxg6 34. Rxh1 Bxh1 35. Re3 Kf7 36. Re5 Ra5 37. b4 Kf6 38. Rxe6+ Kxe6 39. bxa5
Ke5 40. Ke3 Bc6 41. Bd3 g5 42. Bf5 Be8 43. Bc8 Bf7 44. Kd3 Kf4 45. Bf5 Be8 46.
Be6 Bc6 47. Bd5 Bxd5 48. cxd5 Ke5 49. Kc4 Kd6 50. a6 Kd7 51. Kxc5 Kc7 52. d6+
Kd7 53. Kd5 Kd8 54. Ke6 Ke8 55. Kf5 Kd7 56. Kxg5 Kxd6 57. Kf6 Kc6 58. g5 Kb6
59. g6 Kxa6 60. g7 Kb5 61. g8=Q 1-0

[Event "Obert Figueres Miquel Mas 2010"]
[Site "Figueres ESP"]
[Date "2010.08.18"]
[Round "9.22"]
[White "Balague Camps, Marc"]
[Black "Altimira Roses, Jordi"]
[Result "1-0"]
[WhiteElo "1964"]
[BlackElo "1828"]
[PlyCount "83"]
[EventDate "2011.08.11"]
[EventType "swiss"]
[EventRounds "9"]
[EventCountry "ESP"]
[Source "lmi"]
[SourceDate "2010.08.11"]

1. c4 e5 2. Nc3 Nf6 3. Nf3 Nc6 4. e3 d5 5. cxd5 Nxd5 6. Bb5 Nxc3 7. bxc3 Bd6 8.
e4 Bd7 9. O-O O-O 10. a4 Qe7 11. Re1 Rad8 12. h3 Kh8 13. d3 f6 14. Be3 a6 15.
Bc4 Na5 16. Bd5 c6 17. Ba2 Bc7 18. Qc2 c5 19. Rab1 Bc6 20. Nh4 b6 21. f3 Qe8
22. Rb2 Bxa4 23. Qe2 Bb5 24. Rd2 Nc6 25. Red1 Ne7 26. Nf5 Nxf5 27. exf5 a5 28.
Qf2 Ba4 29. Re1 Qh5 30. Be6 Bd7 31. d4 exd4 32. cxd4 Bxe6 33. fxe6 Rfe8 34.
dxc5 Rxd2 35. Qxd2 bxc5 36. Qd7 Bg3 37. Rd1 Qg6 38. e7 Qf7 39. Qxe8+ Qxe8 40.
Rd8 Kg8 41. Rxe8+ Kf7 42. Ra8 1-0

[Event "Obert Figueres Miquel Mas 2010"]
[Site "Figueres ESP"]
[Date "2010.08.18"]
[Round "9.23"]
[White "Sanchez Cobo, Javier"]
[Black "Gallego Terris, Rafael"]
[Result "1/2-1/2"]
[WhiteElo "1832"]
[BlackElo "1951"]
[PlyCount "117"]
[EventDate "2011.08.11"]
[EventType "swiss"]
[EventRounds "9"]
[EventCountry "ESP"]
[Source "lmi"]
[SourceDate "2010.08.11"]

1. e4 d5 2. e5 c5 3. d3 Nc6 4. f4 Nh6 5. Nf3 Bg4 6. Be2 e6 7. c3 Nf5 8. O-O Qb6
9. b3 Be7 10. Na3 a6 11. Nc2 c4+ 12. d4 cxb3 13. axb3 Qxb3 14. Bd2 Qb6 15. h3
Bxf3 16. Rxf3 O-O-O 17. Kh2 h5 18. Ne3 Nxe3 19. Bxe3 Qc7 20. Kh1 Na5 21. Bg1
Rd7 22. f5 Bd8 23. Rf1 exf5 24. Bh2 Qc6 25. Rxf5 g6 26. Rf1 Nc4 27. Qd3 b5 28.
Bf3 Kb7 29. Rfb1 Kb6 30. Bg1 Bg5 31. Ra2 Ra8 32. Re1 a5 33. Bf2 a4 34. h4 Bf4
35. g3 Bh6 36. Bg2 Re7 37. Rf1 Rd8 38. Bg1 Bg7 39. Bh3 a3 40. e6 f5 41. Bg2
Rxe6 42. Rb1 Bh6 43. Kh2 Be3 44. Bxe3 Rxe3 45. Qc2 Qd6 46. Qf2 Rde8 47. Rg1
Rxc3 48. Bh1 Ree3 49. Raa1 Kc6 50. Ra2 b4 51. Re2 Rxe2 52. Qxe2 Re3 53. Qxc4+
Kd7 54. Bxd5 f4 55. Qb5+ Kd8 56. Qa5+ Kd7 57. Qb5+ Kd8 58. Qa5+ Kd7 59. Qb5+
1/2-1/2

[Event "Obert Figueres Miquel Mas 2010"]
[Site "Figueres ESP"]
[Date "2010.08.18"]
[Round "9.24"]
[White "Ruiz Munoz, Jose Carlos"]
[Black "Sanchez Urpi, Oriol"]
[Result "0-1"]
[WhiteElo "1820"]
[BlackElo "1911"]
[PlyCount "72"]
[EventDate "2011.08.11"]
[EventType "swiss"]
[EventRounds "9"]
[EventCountry "ESP"]
[Source "lmi"]
[SourceDate "2010.08.11"]

1. e4 c5 2. Nf3 d6 3. d4 cxd4 4. Nxd4 Nf6 5. Nc3 g6 6. Bg5 Bg7 7. f4 O-O 8. h3
Nbd7 9. Qf3 a6 10. O-O-O Qc7 11. Nb3 Rb8 12. g4 b5 13. f5 Bb7 14. Bf4 Rfc8 15.
Bd3 b4 16. Nd5 Nxd5 17. exd5 Nb6 18. Be4 Bxd5 19. fxg6 hxg6 20. Rh2 Bxe4 21.
Qxe4 Nc4 22. Kb1 Bxb2 23. Rd3 Bg7 24. Rf3 a5 25. Rhf2 a4 26. Nd2 Na3+ 27. Kc1
Qxc2+ 28. Qxc2 Rxc2+ 29. Kd1 Rxa2 30. Be3 f6 31. h4 b3 32. h5 b2 33. hxg6 b1=Q+
34. Nxb1 Rxb1+ 35. Bc1 Rxf2 36. Rxf2 Bh6 0-1

[Event "Obert Figueres Miquel Mas 2010"]
[Site "Figueres ESP"]
[Date "2010.08.18"]
[Round "9.26"]
[White "Torrent Lagresa, Josep M"]
[Black "Falgueras Marti, Carles"]
[Result "0-1"]
[WhiteElo "1641"]
[BlackElo "2038"]
[PlyCount "106"]
[EventDate "2011.08.11"]
[EventType "swiss"]
[EventRounds "9"]
[EventCountry "ESP"]
[Source "lmi"]
[SourceDate "2010.08.11"]

1. e4 e5 2. Nf3 Nc6 3. Bb5 a6 4. Ba4 Nf6 5. O-O Be7 6. Re1 b5 7. Bb3 d6 8. h3
O-O 9. c3 Na5 10. Bc2 c5 11. b4 cxb4 12. cxb4 Nc4 13. d3 Nb6 14. a3 Qc7 15. Bb2
Be6 16. Nbd2 Rfc8 17. Rc1 h6 18. d4 Nc4 19. Nxc4 Bxc4 20. dxe5 dxe5 21. Nxe5 a5
22. Nxc4 bxc4 23. Bc3 Rd8 24. Qf3 axb4 25. axb4 Qc6 26. Ra1 Rab8 27. Qf5 Qe6
28. Qxe6 fxe6 29. Reb1 Rd7 30. Rb2 Rdb7 31. Rab1 Kf7 32. Kf1 Ne8 33. e5 Nc7 34.
Be4 Nd5 35. Bxd5 exd5 36. Ke2 Ke6 37. g4 Rf8 38. Rf1 Bg5 39. Rd1 Rf4 40. Rd4
Rbf7 41. Rxf4 Bxf4 42. b5 Bxe5 43. Bxe5 Kxe5 44. b6 Rb7 45. Rb5 Kd6 46. f4 Kc6
47. Rb1 Rxb6 48. Rxb6+ Kxb6 49. h4 Kc6 50. g5 hxg5 51. fxg5 Kd6 52. h5 Ke6 53.
g6 Kf6 0-1

[Event "Obert Figueres Miquel Mas 2010"]
[Site "Figueres ESP"]
[Date "2010.08.18"]
[Round "9.28"]
[White "Garcia-Castany Musellas, Gal La"]
[Black "Cano Egea, Gerard"]
[Result "1-0"]
[WhiteElo "1753"]
[BlackElo "1698"]
[PlyCount "107"]
[EventDate "2011.08.11"]
[EventType "swiss"]
[EventRounds "9"]
[EventCountry "ESP"]
[Source "lmi"]
[SourceDate "2010.08.11"]

1. e4 e5 2. Nf3 Nc6 3. Bb5 a6 4. Ba4 Nf6 5. d3 b5 6. Bb3 Be7 7. O-O d6 8. c3
Na5 9. Bc2 c5 10. Re1 O-O 11. Nbd2 Nc6 12. Nf1 h6 13. Ng3 Re8 14. h3 Bf8 15. d4
cxd4 16. cxd4 g6 17. Be3 Bb7 18. Qd2 Kh7 19. d5 Nb8 20. a4 Nbd7 21. axb5 axb5
22. Bd3 Ba6 23. Qb4 Nc5 24. Bxc5 dxc5 25. Qc3 c4 26. Bf1 Bd6 27. b3 Qe7 28.
Reb1 Bb4 29. Qc1 Rec8 30. bxc4 bxc4 31. Ra4 Bc5 32. Rba1 Qb7 33. Nd2 Qa7 34.
Nh1 Qb7 35. Bxc4 Bxc4 36. Rxa8 Rxa8 37. Rxa8 Qxa8 38. Qxc4 Qa7 39. Qd3 Qa4 40.
Kh2 Qd1 41. Qf3 Qxf3 42. gxf3 Nh5 43. Nc4 f6 44. Ng3 Nf4 45. Ne3 h5 46. Ngf1 h4
47. Nd2 Nd3 48. Nec4 Nxf2 49. d6 Kg7 50. d7 Be7 51. Na5 Nd3 52. Nc6 Kf7 53.
d8=Q Bxd8 54. Nxd8+ 1-0

[Event "Obert Figueres Miquel Mas 2010"]
[Site "Figueres ESP"]
[Date "2010.08.18"]
[Round "9.29"]
[White "Gallegos Saliner, Josep M"]
[Black "Aguila Hernandez, Eduardo"]
[Result "1-0"]
[WhiteElo "1560"]
[BlackElo "1734"]
[PlyCount "63"]
[EventDate "2011.08.11"]
[EventType "swiss"]
[EventRounds "9"]
[EventCountry "ESP"]
[Source "lmi"]
[SourceDate "2010.08.11"]

1. e4 e5 2. Nf3 Nc6 3. d4 exd4 4. Nxd4 Nf6 5. Nxc6 bxc6 6. e5 Qe7 7. Qe2 Nd5 8.
c4 Nb6 9. Nd2 a5 10. g3 Ba6 11. b3 Qe6 12. Bg2 Bb4 13. O-O O-O 14. Qe3 Rfe8 15.
Bb2 a4 16. Ne4 Rad8 17. Nc5 Bxc5 18. Qxc5 Qf5 19. Qd4 a3 20. Bc3 Re7 21. Rfe1
Rde8 22. Re4 c5 23. Qxc5 d6 24. Qxa3 d5 25. Rf4 Qc8 26. cxd5 Bb7 27. Rd1 g5 28.
Rf6 Ba8 29. Qc1 Rxe5 30. Bxe5 Rxe5 31. Rxb6 Qf5 32. Rb8+ 1-0

[Event "Obert Figueres Miquel Mas 2010"]
[Site "Figueres ESP"]
[Date "2010.08.18"]
[Round "9.30"]
[White "Alonso Jimenez, Joan"]
[Black "Regincos Oliva, Laura"]
[Result "1-0"]
[WhiteElo "1992"]
[BlackElo "1337"]
[PlyCount "35"]
[EventDate "2011.08.11"]
[EventType "swiss"]
[EventRounds "9"]
[EventCountry "ESP"]
[Source "lmi"]
[SourceDate "2010.08.11"]

1. Nc3 Nf6 2. e4 Nc6 3. d4 e6 4. e5 Nd5 5. Nf3 Bb4 6. Bd2 O-O 7. Bd3 b6 8.
Bxh7+ Kh8 9. Be4 Nxc3 10. bxc3 Be7 11. h4 Kg8 12. Bh7+ Kh8 13. Ng5 Bxg5 14.
hxg5 f6 15. Bg6+ Kg8 16. Rh8+ Kxh8 17. Qh5+ Kg8 18. Qh7# 1-0

[Event "Obert Figueres Miquel Mas 2010"]
[Site "Figueres ESP"]
[Date "2010.08.18"]
[Round "9.31"]
[White "Trias Punset, Carles"]
[Black "Sanchez Urpi, Xavier"]
[Result "0-1"]
[WhiteElo "1739"]
[BlackElo "1370"]
[PlyCount "82"]
[EventDate "2011.08.11"]
[EventType "swiss"]
[EventRounds "9"]
[EventCountry "ESP"]
[Source "lmi"]
[SourceDate "2010.08.11"]

1. d4 d5 2. Nf3 Bf5 3. g3 Nf6 4. Bg2 e6 5. c3 Nbd7 6. Qb3 Nb6 7. Bg5 h6 8. Bxf6
Qxf6 9. Nbd2 Bg4 10. O-O Bd6 11. Qd1 O-O 12. e4 Qg6 13. e5 Be7 14. Rc1 Bg5 15.
b3 Qf5 16. Qc2 Bxf3 17. Qxf5 exf5 18. Bxf3 Bxd2 19. Rc2 Bg5 20. Be2 Be7 21. f4
Rfe8 22. g4 fxg4 23. Bxg4 g6 24. f5 gxf5 25. Rxf5 Bh4 26. Rg2 Re7 27. Rh5 Bg5
28. h4 Be3+ 29. Kh1 Kh8 30. Re2 Rg8 31. Bf5 Bc1 32. Re1 Bd2 33. Re2 Bxc3 34.
Rxh6+ Kg7 35. Rg2+ Kxh6 36. Rxg8 Bxd4 37. Rh8+ Kg7 38. Rh7+ Kg8 39. Rh5 Rxe5
40. Rg5+ Kf8 41. Rh5 Nd7 0-1

[Event "Obert Figueres Miquel Mas 2010"]
[Site "Figueres ESP"]
[Date "2010.08.18"]
[Round "9.33"]
[White "Asensio Graells, Ricard"]
[Black "Vidal Palou, Jordi"]
[Result "0-1"]
[WhiteElo "1489"]
[BlackElo "1649"]
[PlyCount "71"]
[EventDate "2011.08.11"]
[EventType "swiss"]
[EventRounds "9"]
[EventCountry "ESP"]
[Source "lmi"]
[SourceDate "2010.08.11"]

1. Nf3 Nf6 2. g3 g6 3. Bg2 Bg7 4. d3 Nc6 5. e4 e5 6. O-O O-O 7. Nbd2 d6 8. Re1
Bg4 9. h3 Be6 10. Nf1 Nh5 11. g4 Nf6 12. Ng3 Ne7 13. Nh2 d5 14. Qe2 d4 15. f4
exf4 16. Bxf4 c5 17. g5 Nd7 18. Qf3 Ne5 19. Bxe5 Bxe5 20. Ng4 Bxg4 21. Qxg4 Qd6
22. Ne2 f5 23. exf5 Nxf5 24. Rab1 Rae8 25. Kh1 Bh2 26. Bxb7 Ne3 27. Qh4 Nf5 28.
Qg4 Bg3 29. Rf1 Bh4 30. Nf4 Ng3+ 31. Kg2 Nf5 32. Qf3 Bxg5 33. Qd5+ Qxd5+ 34.
Bxd5+ Kh8 35. Kf3 Re3+ 36. Kg2 0-1

[Event "Obert Figueres Miquel Mas 2010"]
[Site "Figueres ESP"]
[Date "2010.08.18"]
[Round "9.34"]
[White "Garcia Castany, Jose"]
[Black "Andres Sebastian, Luis"]
[Result "0-1"]
[WhiteElo "1477"]
[BlackElo "1493"]
[PlyCount "86"]
[EventDate "2011.08.11"]
[EventType "swiss"]
[EventRounds "9"]
[EventCountry "ESP"]
[Source "lmi"]
[SourceDate "2010.08.11"]

1. d4 d5 2. c4 Nf6 3. Nc3 Bf5 4. e3 e6 5. a3 Be7 6. Nf3 h6 7. cxd5 exd5 8. Qb3
b6 9. Bb5+ c6 10. Be2 O-O 11. O-O Nbd7 12. Na2 a5 13. Nc3 Qc7 14. h3 Bd6 15.
Rd1 Rae8 16. Nh4 Be4 17. f4 Bh7 18. Rf1 Ne4 19. Nxe4 Bxe4 20. Nf3 Re6 21. Bd2
Rg6 22. g4 h5 23. g5 Re6 24. Ne5 Nxe5 25. fxe5 Bxe5 26. dxe5 Qxe5 27. Rf4 Qxg5+
28. Bg4 hxg4 29. Rxg4 Qh5 30. Qc3 f6 31. Kh2 Qe5+ 32. Rf4 g5 33. Rg1 Kf7 34.
Qxe5 Rxe5 35. Rfg4 c5 36. Rf1 Ke6 37. Rg3 Rf5 38. Rxf5 Kxf5 39. Rg4 Rh8 40. Kg3
Ke6 41. Bc3 Bf5 42. e4 dxe4 43. Bxf6 Kxf6 0-1

[Event "Obert Figueres Miquel Mas 2010"]
[Site "Figueres ESP"]
[Date "2010.08.18"]
[Round "9.35"]
[White "Saez Coma, Alejandro"]
[Black "Serra Canals, Oriol"]
[Result "0-1"]
[WhiteElo "1477"]
[BlackElo "1607"]
[PlyCount "172"]
[EventDate "2011.08.11"]
[EventType "swiss"]
[EventRounds "9"]
[EventCountry "ESP"]
[Source "lmi"]
[SourceDate "2010.08.11"]

1. e4 e5 2. Nf3 Nc6 3. Bb5 Bc5 4. c3 Nf6 5. d4 exd4 6. cxd4 Bb4+ 7. Bd2 Nxe4 8.
Qe2 Qe7 9. O-O Nxd2 10. Qxe7+ Nxe7 11. Nbxd2 c6 12. Ba4 O-O 13. a3 Ba5 14. b4
Bc7 15. Rac1 d5 16. b5 Bd7 17. Rfe1 Rfe8 18. Ne5 Bxe5 19. Rxe5 cxb5 20. Bb3 Be6
21. Nf3 h6 22. Rc7 Ng6 23. Re3 Rab8 24. Rc5 a6 25. Ne5 Nxe5 26. Rxe5 b6 27. Rc6
Rec8 28. Rxc8+ Rxc8 29. Kf1 Rd8 30. Ke2 Kf8 31. f4 g6 32. Kd2 Ke7 33. h3 Kd6
34. g4 f6 35. Re3 g5 36. f5 Bd7 37. Re1 Re8 38. Rxe8 Bxe8 39. Kc3 a5 40. Bd1
Kc6 41. Kb3 Kd6 42. Kc3 Kc6 43. Kb3 b4 44. axb4 axb4 45. Kxb4 Kb7 46. Bb3 Bf7
47. Kb5 Be8+ 48. Kb4 Bc6 49. Ba4 Kc7 50. Bc2 Bb7 51. Bd3 Kb8 52. Bf1 Bc6 53.
Bg2 Kc8 54. Bf1 Kd8 55. Be2 Ke8 56. Bb5 Kd7 57. Bf1 Ke7 58. Bb5 Bd7 59. Bf1 Kf7
60. Bb5 Bc8 61. Bc6 Ke7 62. Bxd5 Kd6 63. Bg2 Bd7 64. Bf1 Kd5 65. Bb5 Bc8 66.
Kc3 Ke4 67. Kc4 Kf3 68. Kd5 Kg2 69. Kd6 Kxh3 70. Kc7 Kxg4 71. Kxc8 Kxf5 72. d5
Ke5 73. Bc6 Kd6 74. Kb7 b5 75. Kb6 b4 76. Ka5 b3 77. Ba4 b2 78. Bc2 Kxd5 79.
Kb4 h5 80. Kc3 h4 81. Kxb2 h3 82. Bd1 Ke4 83. Ba4 g4 84. Bc6+ Ke3 85. Bd7 h2
86. Bc6 g3 0-1

[Event "Obert Figueres Miquel Mas 2010"]
[Site "Figueres ESP"]
[Date "2010.08.18"]
[Round "9.36"]
[White "Mayer, Christian"]
[Black "Febrero Perez, Lluis"]
[Result "1-0"]
[WhiteElo "1877"]
[BlackElo "1568"]
[PlyCount "87"]
[EventDate "2011.08.11"]
[EventType "swiss"]
[EventRounds "9"]
[EventCountry "ESP"]
[Source "lmi"]
[SourceDate "2010.08.11"]

1. c4 c5 2. Nc3 Nf6 3. Nf3 Nc6 4. d4 cxd4 5. Nxd4 g6 6. e4 d6 7. f3 Bg7 8. Nc2
O-O 9. Be2 a6 10. Be3 Bd7 11. Qd2 Qc7 12. Rc1 Ne5 13. b3 Rac8 14. Nd4 Nc6 15.
Nd5 Qd8 16. Nxc6 Bxc6 17. Nb6 Rb8 18. a4 Nd7 19. a5 Nxb6 20. Bxb6 Qd7 21. O-O
f5 22. exf5 Qxf5 23. Bd3 Qh5 24. Rce1 Be5 25. f4 Bf6 26. Be4 Qg4 27. Bd5+ Kg7
28. Bd4 e5 29. fxe5 Bxe5 30. Bxe5+ dxe5 31. Rxe5 Rxf1+ 32. Kxf1 Qh4 33. Qe3
Qf6+ 34. Ke2 Rf8 35. Re7+ Kh8 36. Qe5 Qxe5+ 37. Rxe5 Kg7 38. Re7+ Kh6 39. Bxc6
bxc6 40. Ra7 Rb8 41. Rxa6 Rxb3 42. Rxc6 Ra3 43. a6 Kg7 44. Rc7+ 1-0

[Event "Obert Figueres Miquel Mas 2010"]
[Site "Figueres ESP"]
[Date "2010.08.18"]
[Round "9.37"]
[White "Vazquez Montreal, Enric"]
[Black "Cano Egea, Joan Manuel"]
[Result "1/2-1/2"]
[WhiteElo "1678"]
[BlackElo "1441"]
[PlyCount "84"]
[EventDate "2011.08.11"]
[EventType "swiss"]
[EventRounds "9"]
[EventCountry "ESP"]
[Source "lmi"]
[SourceDate "2010.08.11"]

1. Nf3 Nc6 2. g3 e5 3. d3 Nf6 4. e4 h6 5. Bg2 Bc5 6. O-O O-O 7. Nbd2 d5 8. Re1
Re8 9. h3 Be6 10. g4 Qd7 11. c3 dxe4 12. dxe4 Rad8 13. b4 Bd6 14. Nf1 Ne7 15.
Qc2 Qc6 16. a3 Ng6 17. Ng3 Bf8 18. g5 hxg5 19. Nxg5 Bc4 20. Rd1 Be7 21. Be3
Rxd1+ 22. Rxd1 Bb5 23. Qb2 Bc4 24. Nf5 Nh7 25. Nxe7+ Rxe7 26. Nxh7 Kxh7 27. Qd2
Nh4 28. Kh1 Nxg2 29. Kxg2 Qxe4+ 30. f3 Qg6+ 31. Kh2 Qf5 32. Qg2 Re6 33. Qg3
Qc2+ 34. Rd2 Qxc3 35. Qh4+ Rh6 36. Bxh6 gxh6 37. Qe4+ Kh8 38. Rd8+ Kg7 39. Qg4+
Kf6 40. Qh4+ Kg7 41. Qg4+ Kf6 42. Qh4+ Kg7 1/2-1/2